Wrestlers by Picture 8: WWE 2010's - Statistics

General Stats
  • This quiz has been taken 382 times
  • The average score is 14 of 16
Answer Stats
Picture Answer % Correct
John Cena
100%
Seth Rollins
94%
Randy Orton
92%
Roman Reigns
92%
Daniel Bryan
90%
Kofi Kingston
90%
Sheamus
90%
CM Punk
89%
The Miz
88%
AJ Styles
86%
Bray Wyatt
86%
Dean Ambrose
86%
Dolph Ziggler
85%
R-Truth
84%
Zack Ryder
74%
Luke Harper
70%
No matching quizzes found
Score Distribution
Percent of People with Each Score
Percentile by Number Answered
Your Score History
You have not taken this quiz